Statistics for Martin Sheen Filmography

Click here to take the quiz!

General Stats

  • This quiz has been taken 8 times
    (3 since last reset)
  • The average score is 79 of 228

Answer Stats

Type Year Name % Correct
Film2006The Departed
100%
Film2010The Way
100%
Film1979Apocalypse Now
100%
TV Show1999-2006The West Wing
100%
TV Show2005Two and a Half Men
67%
Theater1967-1968Hamlet
67%
Film2012The Amazing Spider-Man
67%
TV Show2012-2014Anger Management
67%
Film1993Hot Shots! Part Deux
67%
TV Show1970Hawaii Five-O
67%
Film2001O
67%
Film1995Gospa
67%
Film1987Wall Street
67%
Documentary2004Tell Them Who You Are
33%
Documentary2005James Dean: Forever Young
33%
Documentary2005On the Line: Dissent in an Age of Terrorism
33%
Documentary2001The Papp Project
33%
Documentary2001SOA: Guns and Greed
33%
Documentary2001Stockpile
33%
Documentary2001Inside the Vatican
33%
Film2002Catch Me if You Can
33%
Documentary2004Winning New Hampshire
33%
Documentary2003Hidden in Plain Sight
33%
Documentary2002Cuba: The 40 Years War
33%
Documentary2002The Making of Bret Michaels
33%
Documentary2004Learning to Sea
33%
Film2004Jerusalemski sindrom
33%
Documentary2002Tibet: Cry of the Snow Lion
33%
Documentary2003All the Presidents' Movies
33%
TV Show2002Spin City
33%
Film2003Mercy of the Sea
33%
Film2003The Commission
33%
Documentary2002Straight Up: Helicopters in Action
33%
TV Show1960s-1980sInsight
33%
TV Show1999Total Recall 2070
33%
Film1998Family Attraction
33%
Film1996Entertaining Angels: The Dorothy Day Story
33%
TV Film1996The Crystal Cave: Lessons from the Teachings of Merlin
33%
TV Film1996Project ALF
33%
Film1997Truth or Consequences, N.M.
33%
Documentary1997An Act of Conscience
33%
Film1997Spawn
33%
Documentary1997187: Documented
33%
Documentary1997Tudjman
33%
TV Show1997The Simpsons
33%
TV Film1997Hostile Waters
33%
Film1998Stranger in the Kingdom
33%
Film1999Storm
33%
Film1998Gunfighter
33%
Film1998Monument Ave.
33%
Film1998Shadrach
33%
Film1998A Letter from Death Row
33%
Film1998Free Money
33%
Film1998No Code of Conduct
33%
Documentary1998Taylor's Campaign
33%
Documentary1998Holes in Heaven
33%
TV Film1998Babylon 5: The River of Souls
33%
Film1999Ninth Street
33%
Film1999Lost & Found
33%
Film1999A Texas Funeral
33%
Film2006Bordertown
33%
Film2006Bobby
33%
Web Series2015-PresentGrace and Frankie
33%
Documentary2013Salinger
33%
Documentary2013Messenger of the Truth
33%
TV Film2013The Whale
33%
Film2014Bhopal: A Prayer for Rain
33%
Film2014Selma
33%
Film2014Ask Me Anything
33%
Film2014Trash
33%
Film2015Badge of Honor
33%
Documentary2015American Hercules: Babe Ruth
33%
Documentary2015Unity
33%
Film2016The Vessel
33%
Video Game2012Mass Effect 3
33%
Film2016Popstar: Never Stop Never Stopping
33%
Film2016Rules Don't Apply
33%
Documentary2016Is O.J. Innocent? The Missing Evidence
33%
TV Film2016L.M. Montgomery's Anne of Green Gables
33%
Documentary2017The Home Front: Life in America During World War II
33%
TV Film2017Anne of Green Gables: The Good Stars
33%
TV Film2017Anne of Green Gables: Fire & Dew
33%
Film2018Come Sunday
33%
Film2019Princess of the Row
33%
Film2019The Devil Has a Name
33%
Documentary2013The Second Cooler
33%
Documentary2012Death by China
33%
Documentary2006Who Killed the Electric Car?
33%
Documentary2008The End of Poverty?
33%
Documentary2006Between Iraq and a Hard Place
33%
Film2007Talk to Me
33%
Film2007Flatland: The Movie
33%
Documentary2007Searching for George Washington
33%
TV Show2007Studio 60 on the Sunset Strip
33%
Film2008A Single Woman
33%
Documentary2008Flower in the Gun Barrel
33%
Documentary2008They Killed Sister Dorothy
33%
Documentary2008Vietnam-American Holocaust
33%
Documentary2008One Water
33%
Film2009Echelon Conspiracy
33%
Documentary Series2012Who Do You Think You Are?
33%
Film2009Love Happens
33%
Film2009Imagine That
33%
Film2009The Kid: Camacho
33%
Documentary2010Pax Americana and the Weaponization of Space
33%
Documentary2010Return to El Salvador
33%
Documentary2010The Spirit
33%
Video Game2010Mass Effect 2
33%
Video Game2010World of Warcraft
33%
Film2011Stella Days
33%
Film2011The Double
33%
Film2012Seeking a Friend for the End of the World
33%
Film1996The War at Home
33%
Film1995The Break
33%
Film1995Dead Presidents
33%
TV Mini-Series1979Blind Ambition
33%
TV Film1974The Story of Pretty Boy Floyd
33%
TV Play1974The Missiles of October
33%
TV Film1974The Execution of Private Slovik
33%
Film1975The Last Survivors
33%
TV Film1975Sweet Hostage
33%
Theater1975Death of a Salesman
33%
Film1976The Cassandra Crossing
33%
Film1976The Little Girl Who Lives Down the Lane
33%
TV Film1978Taxi!!!
33%
Film1979Eagle's Wing
33%
Film1980The Final Countdown
33%
Film1974The Legend of Earl Durand
33%
Film1981Loophole
33%
Film1982Gandhi
33%
Film1982That Championship Season
33%
TV Film1982In the Custody of Strangers
33%
Film1982Enigma
33%
Film1983In the King of Prussia
33%
Film1983Man, Woman and Child
33%
Film1983The Dead Zone
33%
TV Mini-Series1983Kennedy
33%
Film1984Firestarter
33%
TV Show1961Route 66
33%
TV Film1974The California Kid
33%
TV Show1973Ghost Story
33%
Documentary1985Broken Rainbow
33%
TV Show1969Mission: Impossible
33%
Theater1961, 1964-1966, 2010The Subject Was Roses
33%
TV Show1962The Naked City
33%
TV Show1963The Outer Limits
33%
TV Show1963Arrest and Trial
33%
TV Show1966NET Playhouse
33%
TV Show1966Flipper
33%
Film1967The Incident
33%
Theater1967The Wicked Cooks
33%
Documentary1968Pat Neal Is Back
33%
Theater1968Romeo and Juliet
33%
TV Show1969Then Came Bronson
33%
TV Film1973Message To My Daughter
33%
Theater1969Hello and Goodbye
33%
Film1970Catch-22
33%
Film1970The Cliff
33%
Film1972Pickup on 101
33%
Film1972Rage
33%
TV Film1972That Certain Summer
33%
TV Show1972Columbo
33%
TV Show1972Mannix
33%
TV Show1972-1973Cannon
33%
Film1973Badlands
33%
Film1973Catholics
33%
Film1985The Fourth Wise Man
33%
TV Film1984The Guardian
33%
Documentary1985In the Name of the People
33%
Film1994Fortunes of War
33%
Film1992Original Intent
33%
TV Film1992The Last P.O.W.? The Bobby Garwood Story
33%
Film1993My Home, My Prison
33%
Film1993Ghost Brigade
33%
Film1993Hear No Evil
33%
Film1993Gettysburg
33%
Film1993A Matter of Justice
33%
TV Mini-Series1993Alex Haley's Queen
33%
TV Show1993Murphy Brown
33%
Film1994When the Bough Breaks
33%
Film1994Guns of Honor
33%
Theater1991-1992The Crucible
33%
Film1994Hits!
33%
Film1994Boca
33%
TV Film1994Roswell
33%
TV Film1994One of Her Own
33%
Documentary Series1994-1997Eyewitness
33%
Film1995The American President
33%
Film1995Sacred Cargo
33%
Film1995Dillinger and Capone
33%
Film1995Captain Nuke and the Bomber Boys
33%
Film1995One Hundred and One Nights
33%
Documentary Mini-Series1985Spaceflight
33%
Film1992Running Wild
33%
Documentary1991Hearts of Darkness: A Filmmaker's Apocalypse
33%
Documentary1988Walking After Midnight
33%
TV Film1985Consenting Adult
33%
Film1986A State of Emergency
33%
Film1986Shattered Spirits
33%
TV Film1986Secrets of the Titanic
33%
TV Film1986News at Eleven
33%
Film1987The Believers
33%
Film1987Siesta
33%
TV Film1987Conspiracy: The Trial of the Chicago 8
33%
Film1988Da
33%
Film1988Judgement in Berlin
33%
Theater1988Julius Caesar
33%
Film1989Marked for Murder
33%
Film1989Beyond the Stars
33%
Film1991JFK
33%
TV Film1991The Maid
33%
Film1991Touch and Die
33%
Documentary1990Doing Time Ten Years Later
33%
Film1990Cadence
33%
FilmTBA12 Mighty Orphans
33%
TV Film1989Nightbreaker
33%
Film1989Beverly Hills Brats
33%
Film1989Cold Front
33%
Film1994Grey Knight
0%
Film1972No Drums, No Bulges
0%
Documentary2010The Kennedy Detail
0%
Theater1964Never Lie Over a Pretzel Factory
0%
Radio Series2004-2013A Prairie Home Companion
0%
Documentary Series2011Curiosity
0%
TV Show1993Tales from the Crypt
0%
Film2020Untitled Fred Hampton Project
0%
Film1973When the Lie Goes Through
0%

Score Distribution

Percentile by Number Answered

Percent of People with Each Score

Your Score History

You have not taken this quiz since the last reset